Nguyên lý và cơ sở kỹ thuật của siêu âm chẩn đoán
Những kiến thức cơ bản về bản chất vật lý của sóng siêu âm, cơ sở tạo hình ảnh, cấu tạo nguyên lý hoạt động của thiết bị và những ứng dụng lâm sàng của phương pháp siêu âm chẩn đoán.
Сохранить в:
| Главный автор: | |
|---|---|
| Другие авторы: | |
| Формат: | |
| Язык: | Vietnamese |
| Опубликовано: |
H.
Y học
1999
|
| Предметы: | |
| Метки: |
Добавить метку
Нет меток, Требуется 1-ая метка записи!
|
| Thư viện lưu trữ: | Thư viện Trường Đại học Nam Cần Thơ |
|---|
| LEADER | 01782nam a22002537a 4500 | ||
|---|---|---|---|
| 001 | NCT_60216 | ||
| 008 | 190222b xxu||||| |||| 00| 0 vie d | ||
| 999 | |c 2921 |d 2921 | ||
| 020 | |c 85000 | ||
| 082 | |2 23rd ed. |a 616.0754 |b Q502 | ||
| 100 | 1 | |a Nguyễn Phước Bảo Quân | |
| 245 | 1 | 0 | |a Nguyên lý và cơ sở kỹ thuật của siêu âm chẩn đoán |c Nguyễn Phước Bảo Quân, Nguyễn Thị Thanh Phương |
| 260 | |a H. |b Y học |c 1999 | ||
| 300 | |a 107 tr. |b Hình vẽ |c 27cm | ||
| 520 | 3 | |a Những kiến thức cơ bản về bản chất vật lý của sóng siêu âm, cơ sở tạo hình ảnh, cấu tạo nguyên lý hoạt động của thiết bị và những ứng dụng lâm sàng của phương pháp siêu âm chẩn đoán. | |
| 653 | |a Kỹ thuật hình ảnh y học | ||
| 700 | 1 | |a Nguyễn Thị Thanh Phương | |
| 942 | |2 ddc |c BK | ||
| 952 | |0 0 |1 0 |2 ddc |4 0 |6 616_075400000000000_Q502 |7 0 |9 15750 |a 000001 |b 000001 |d 2019-02-22 |o 616.0754 Q502 |p MD.14514 |r 2019-02-22 |v 85000.00 |w 2019-02-22 |y BK | ||
| 952 | |0 0 |1 0 |2 ddc |4 0 |6 616_075400000000000_Q502 |7 0 |9 15751 |a 000001 |b 000001 |d 2019-02-22 |o 616.0754 Q502 |p MD.14515 |r 2019-02-22 |v 85000.00 |w 2019-02-22 |y BK | ||
| 952 | |0 0 |1 0 |2 ddc |4 0 |6 616_075400000000000_Q502 |7 0 |9 15752 |a 000001 |b 000001 |d 2019-02-22 |o 616.0754 Q502 |p MD.14516 |r 2019-02-22 |v 85000.00 |w 2019-02-22 |y BK | ||
| 952 | |0 0 |1 0 |2 ddc |4 0 |6 616_075400000000000_Q502 |7 0 |9 15753 |a 000001 |b 000001 |d 2019-02-22 |o 616.0754 Q502 |p MD.14517 |r 2019-02-22 |v 85000.00 |w 2019-02-22 |y BK | ||
| 952 | |0 0 |1 0 |2 ddc |4 0 |6 616_075400000000000_Q502 |7 0 |9 15754 |a 000001 |b 000001 |d 2019-02-22 |o 616.0754 Q502 |p MD.14518 |r 2019-02-22 |v 85000.00 |w 2019-02-22 |y BK | ||
| 980 | |a Thư viện Trường Đại học Nam Cần Thơ | ||